| 000 -CABECERA |
| fixed length control field |
00747nam a22002177a 4500 |
| 003 - IDENTIFICADOR DEL NÚMERO DE CONTROL |
| control field |
AR-CdUCM |
| 008 - DATOS DE LONGITUD FIJA--INFORMACIÓN GENERAL |
| fixed length control field |
190424b ||||| |||| 00| 0 spa d |
| 020 ## - NÚMERO INTERNACIONAL ESTÁNDAR DEL LIBRO |
| ISBN |
978-84-9825-979-7 |
| 040 ## - FUENTE DE LA CATALOGACIÓN |
| Agencia/entidad que catalogó originalmente la obra |
MUNICIPALIDAD PROVINCIAL DEL CUSCO |
| Entidad que transcribió la catalogación |
BIBLIOTECA MUNICIPAL DEL CUSCO |
| 082 ## - NÚMERO DE LA CLASIFICACIÓN DECIMAL DEWEY |
| No. de Clasificación |
EP / 372 / |
| Notacion interna |
A33 |
| 100 ## - ENTRADA PRINCIPAL--NOMBRE DE PERSONA |
| Nombre Personal |
Alsina, Angel |
| 245 ## - MENCIÓN DE TÍTULO |
| Título |
Mate Cracks : |
| Resto del título |
¡Para ser unos buenos matemáticos ! 6 años / |
| 260 ## - PUBLICACIÓN, DISTRIBUCIÓN, ETC. |
| Lugar de publicación, distribución, etc. |
Barcelona : |
| Nombre de la editorial, distribuidor, etc. |
Combel editorial, |
| Fecha de publicación, distribución, etc. |
2015. |
| 300 ## - DESCRIPCIÓN FÍSICA |
| Nº de Páginas Extensión |
32 paginas ; |
| Otros detalles físicos |
Ilustraciones, graficos, dibujos |
| Dimensiones |
28 cm. |
| 650 ## - PUNTO DE ACCESO ADICIONAL DE MATERIA--TÉRMINO DE MATERIA |
| Descriptor |
Infantil matemática |
| 9 (RLIN) |
33812 |
| 650 ## - PUNTO DE ACCESO ADICIONAL DE MATERIA--TÉRMINO DE MATERIA |
| Descriptor |
Textos |
| 9 (RLIN) |
4584 |
| 700 ## - PUNTO DE ACCESO ADICIONAL--NOMBRE DE PERSONA |
| Nombre Personal |
Fanlo, África (ilustraciones) |
| 9 (RLIN) |
33825 |
| 942 ## - ELEMENTOS DE PUNTO DE ACCESO ADICIONAL (KOHA) |
| Fuente de clasificación |
|
| Tipo de item |
Libros-BMC |
| 945 ## - PROCESAMIENTO DE INFORMACIÓN LOCAL (OCLC) |
| Catalogador |
cmm |
| AAAA-MM-DD - Fecha de ingreso o modificacion |
2019-04-25 |